Loading...
| History - Other | 0 | 8 | 0 | 1 | 80 | 17 | 95.63 | 5 | 8 | 0.00 | 0.00 |
| Philosophy | 0 | 4 | 0 | 0 | 40 | 75 | 104.25 | 1 | 4 | 0.00 | 0.00 |
| Science - Biology | 0 | 2 | 0 | 0 | 20 | 110 | 115.00 | 1 | 2 | 0.00 | 0.00 |
| Literature - European | 0 | 2 | 0 | 0 | 20 | 138 | 143.50 | 0 | 2 | 0.00 | 0.00 |
| History - World | 0 | 3 | 2 | 0 | 20 | 94 | 100.67 | 1 | 3 | 0.00 | 0.00 |
| Mythology | 0 | 2 | 0 | 1 | 20 | 19 | 77.00 | 1 | 2 | 0.00 | 0.00 |
| Literature - World | 0 | 2 | 0 | 0 | 20 | 90 | 93.00 | 1 | 2 | 0.00 | 0.00 |
| Social Science | 0 | 2 | 1 | 0 | 15 | 36 | 54.00 | 2 | 2 | 0.00 | 0.00 |
| Other | 0 | 2 | 1 | 0 | 15 | 67 | 84.00 | 1 | 2 | 0.00 | 0.00 |
| Literature - British | 0 | 1 | 0 | 1 | 10 | 146 | 146.00 | 0 | 1 | 0.00 | 0.00 |
| Fine Arts - Other | 0 | 1 | 0 | 0 | 10 | 127 | 127.00 | 0 | 1 | 0.00 | 0.00 |
| History - European | 0 | 2 | 2 | 0 | 10 | 78 | 91.00 | 2 | 2 | 0.00 | 0.00 |
| Literature - American | 0 | 1 | 0 | 0 | 10 | 47 | 47.00 | 1 | 1 | 0.00 | 0.00 |
| Fine Arts - Painting & Sculpture | 0 | 1 | 0 | 0 | 10 | 110 | 110.00 | 0 | 1 | 0.00 | 0.00 |
| Science - Chemistry | 0 | 1 | 0 | 0 | 10 | 112 | 112.00 | 1 | 1 | 0.00 | 0.00 |
| Religion | 0 | 1 | 1 | 0 | 5 | 60 | 60.00 | 1 | 1 | 0.00 | 0.00 |